Educación cívica 1 : construcción de ciudadanía/ Gustavo Schujman, Miguel Mazzeo y Matías Maito.

Guardado en:
Autor Principal: Schujman, Gustavo
Otros Autores: Mazzeo, Miguel, Maito, Matías
Formato: Libro
Publicado: Buenos Aires : Aique, 2007.
Series:Aique secundaria
Materias:
Etiquetas: Agregar Etiqueta
Sin Etiquetas, Sea el primero en etiquetar este registro!
LEADER 01431nam a22003495a 4500
001 CEM.cems012775
008 130507s2007##################000#0#####d
005 20211214164410.0
003 CEMS
245 1 0 |a Educación cívica 1 :  |b construcción de ciudadanía/ Gustavo Schujman, Miguel Mazzeo y Matías Maito. 
260 |a Buenos Aires :  |b  Aique,  |c 2007. 
300 |a 175 p. 
490 0 |a Aique secundaria 
500 |a Para 1ºaño Polimodal 
505 0 |a La libertad en la acción -- Los valores y las normas -- El individuo, la sociedad y la cultura -- Igualdad, desigualdad y discriminación -- El estado, garante y protector de los derechos -- La ciudadanía activa en democracia. 
020 |a 9789870601159 
100 1 |a Schujman, Gustavo 
700 1 |a Mazzeo, Miguel 
700 1 |a Maito, Matías 
082 0 4 |a 323 
653 |a Educación cívica 
653 |a Instrucción cívica 
653 |a Educación cívica-polimodal 
653 |a Formación ética 
653 |a Democracia 
653 |a Derechos 
653 |a Ciudadanía 
859 |a CEMS  |b BIB. CEMS - Agricultura  |h 320  |i Sch79-3  |p A0840.08  |t Ej.1 
859 |a CEMS  |b BIB. CEMS - 11 de abril  |h 323  |i Sch79  |p 25021.08  |t Ej.1  |v 1  |3 1 
859 |a CEMS  |b BIB. CEMS - 11 de abril  |h 323  |i Sch79  |p 25303.08  |t Ej.2  |v 1  |3 1 
859 |a CEMS  |b BIB. CEMS - 11 de abril  |h 323  |i Sch79  |p 25300.08  |t Ej.3  |v 1  |3 1 
859 |a CEMS  |b BIB. CEMS - 11 de abril  |h 323  |i Sch79  |p 25299.08  |t Ej.4  |v 1  |3 1